| 000 | 00446nam a2200157Ia 4500 | ||
|---|---|---|---|
| 003 | GCL | ||
| 008 | 140319s9999 xx 000 0 eng d | ||
| 040 |
_aGCL / _cGCL |
||
| 082 | 0 | 4 |
_a612.664 _bG E |
| 100 | 1 | _aGOODALL, CHRISTOPHER | |
| 245 | 1 | 0 |
_aEXPLORING PHYSIOLOGY: AN INTERATIVE WORKBOOK FOR NURSES / _cGOODALL, CHRISTOPHER |
| 260 |
_a[S.N] : _bCHURCHILL LIVINGSTONE ، _c1994 |
||
| 300 | _a191 P | ||
| 650 | 0 | 4 | _aPHYSIOLOGY |
| 942 |
_2ddc _cBK |
||
| 999 |
_c21349 _d21349 |
||